Shipping 2020.
| Corporate Author: | |
|---|---|
| Format: | Book |
| Published: |
Hovik, Norway:
Det Norske Veritas As,
2012.
|
| Subjects: |
| LEADER | 00478cam a2200157 7i4500 | ||
|---|---|---|---|
| 001 | 0000030208 | ||
| 005 | 20130923090000.0 | ||
| 090 | 0 | 0 | |a I 387.5 |b DET |
| 110 | 2 | 0 | |a Det Norske Veritas As |
| 245 | 2 | 0 | |a Shipping 2020. |
| 260 | 0 | 0 | |a Hovik, Norway: |b Det Norske Veritas As, |c 2012. |
| 300 | # | # | |a 67 p. |
| 650 | 0 | 0 | |a Shipping |
| 650 | 0 | 0 | |a Merchant mariners |
| 999 | |a 0000033083 |b Book |c International |e Business Information Centre | ||
| 999 | |a 0000033082 |b Book |c International |e Business Information Centre | ||